000 00183nam a2200073Ia 4500
008 170817s9999 xx 000 0 und d
100 _aRAMESH A.R.
245 0 _aTECHNIQUES OF TEACHING COMMERCE
260 _bSONALI PUB.
999 _c36687
_d36687